Statistics for La Liga Clubs Quiz

Click here to take the quiz!

General Stats

  • This quiz has been taken 22,837 times
    (1,721 since last reset)
  • The average score is 14 of 20

Answer Stats

Club% Correct
Real Madrid
100%
Barcelona
99%
Atlético Madrid
95%
Valencia
92%
Sevilla
91%
Athletic Bilbao
88%
Villarreal
78%
Real Sociedad
76%
Real Betis
73%
Granada
66%
Espanyol
65%
Getafe
64%
Celta Vigo
63%
Mallorca
61%
Levante
56%
Cádiz
55%
Alavés
54%
Osasuna
53%
Elche
50%
Rayo Vallecano
49%

Score Distribution

Percentile by Number Answered

Percent of People with Each Score

Your Score History

You have not taken this quiz since the last reset